American trout fishing, (Запис № 468128)

МАРК-запис
000 -LEADER
fixed length control field 01482cam a2200301I 4500
001 - CONTROL NUMBER
control field americantroutfis00theo
003 - CONTROL NUMBER IDENTIFIER
control field CaSfIA
005 - DATE AND TIME OF LATEST TRANSACTION
control field 20210117183706.0
007 - PHYSICAL DESCRIPTION FIXED FIELD--GENERAL INFORMATION
fixed length control field cr||||
008 - FIXED-LENGTH DATA ELEMENTS--GENERAL INFORMATION
fixed length control field 780821r19651965nyu 000 0 eng d
040 ## - CATALOGING SOURCE
Original cataloging agency APL
Transcribing agency APL
Modifying agency OCLCG
-- CaSfIA
035 ## - SYSTEM CONTROL NUMBER
System control number (OCoLC)4156905
092 ## - LOCALLY ASSIGNED DEWEY CALL NUMBER (OCLC)
Classification number 799.1755
Item number T342a
110 2# - MAIN ENTRY--CORPORATE NAME
Corporate name or jurisdiction name as entry element Theodore Gordon Flyfishers.
245 10 - TITLE STATEMENT
Title American trout fishing,
Medium [electronic resource]
Statement of responsibility, etc by Theodore Gordon and a company of anglers. Edited and with an introd. by Arnold Gingrich.
260 ## - PUBLICATION, DISTRIBUTION, ETC. (IMPRINT)
Place of publication, distribution, etc New York,
Name of publisher, distributor, etc Knopf
Date of publication, distribution, etc [c1965]
300 ## - PHYSICAL DESCRIPTION
Extent x, 247 p.
Other physical details illus.
500 ## - GENERAL NOTE
General note Originally published in 1965 under title: The Gordon garland.
506 ## - RESTRICTIONS ON ACCESS NOTE
Standardized terminology for access restriction Необхідна авторизація на https://archive.org/ (створення облікового запису безкоштовно)
506 ## - RESTRICTIONS ON ACCESS NOTE
Standardized terminology for access restriction Необхідна авторизація на https://openlibrary.org/ (створення облікового запису безкоштовно)
600 14 - SUBJECT ADDED ENTRY--PERSONAL NAME
Personal name Gordon, Theodore,
Dates associated with a name 1854-1915.
700 1# - ADDED ENTRY--PERSONAL NAME
Personal name Gordon, Theodore,
Dates associated with a name 1854-1915.
700 1# - ADDED ENTRY--PERSONAL NAME
Personal name Gingrich, Arnold,
Relator term ed.
856 41 - ELECTRONIC LOCATION AND ACCESS
Uniform Resource Identifier <a href="http://www.archive.org/details/americantroutfis00theo">http://www.archive.org/details/americantroutfis00theo</a>
Public note Free eBook from the Internet Archive
856 42 - ELECTRONIC LOCATION AND ACCESS
Uniform Resource Identifier <a href="http://www.openlibrary.org/books/OL24200075M">http://www.openlibrary.org/books/OL24200075M</a>
Public note Additional information and access via Open Library
942 ## - ADDED ENTRY ELEMENTS (KOHA)
Koha item type ЕКнига

Немає доступних примірників.